000 00539nam a2200229Ia 4500
003 OSt
005 20220912145819.0
006 a|||||r|||| 00| 0
007 ta
008 220909b |||||||| |||| 00| 0 eng d
024 _a79842
037 _cTextual
040 _aCSL
_beng
_cCSL
041 _aeng
082 _aE:2, N1.2;2
100 _aKapoor K L
245 0 _aTextbook of physical chemistry
260 _c1991
300 _ap.
_ccm.
942 _hE:2, N1.2;2
_cTEXL
_2CC
999 _c38851
_d38851